Derecho inmobiliario español (Record no. 160967)
[ view plain ]
| 000 -LEADER | |
|---|---|
| campo de control de longitud fija | 01011nam a22002295i 4500 |
| 001 - NÚMERO DE CONTROL | |
| campo de control | 160967 |
| 003 - IDENTIFICADOR DE NÚMERO DE CONTROL | |
| campo de control | ES-MaACL |
| 005 - FECHA Y HORA DE LA ÚLTIMA TRANSACCIÓN | |
| campo de control | 20230906212151.0 |
| 008 - DATOS DE LONGITUD FIJA--INFORMACIÓN GENERAL | |
| campo de control de longitud fija | 990526s1892 sp |||| | spa d |
| 040 ## - FUENTE DE CATALOGACIÓN | |
| Centro catalogador/agencia de origen | CCPB | B |
| Lengua de catalogación | spa |
| Centro/agencia transcriptor | CCPB | B |
| 100 1# - ENTRADA PRINCIPAL--NOMBRE DE PERSONA | |
| Nombre de persona | Oliver y Esteller, Bienvenido. |
| 9 (RLIN) | 130627 |
| 245 10 - MENCIÓN DEL TÍTULO | |
| Título | Derecho inmobiliario español |
| Resto del título | : exposición fundamental y sistemática de la ley hipotecaria vigente en la Península, islas adyacentes, Canarias, territorios de África, Cuba, Puerto Rico y Filipinas : tomo primero / |
| Mención de responsabilidad, etc. | por Bienvenido Oliver y Esteller. |
| 260 ## - PUBLICACIÓN, DISTRIBUCIÓN, ETC. | |
| Lugar de publicación, distribución, etc. | Madrid : |
| Nombre del editor, distribuidor, etc. | [s.n.], |
| Fecha de publicación, distribución, etc. | 1892 ( |
| Fabricante | Est. Tip. ¨Sucesores de Rivadeneyra¨) |
| 300 ## - DESCRIPCIÓN FÍSICA | |
| Extensión | 931, [2] p. ; |
| Dimensiones | 23 cm. |
| 510 4# - NOTA DE CITAS O REFERENCIAS BIBLIOGRÁFICAS | |
| Nombre de la fuente | Palau, |
| Localización dentro de la fuente | 200748 |
| 595 #1 - | |
| -- | Según Palau este tomo fue el único que se publicó. |
| 596 ## - NOTA AL PIE DE IMPRENTA | |
| NOTA AL PIE DE IMPRENTA | En colofón consta 1896. |
| 650 #4 - PUNTO DE ACCESO ADICIONAL DE MATERIA--TÉRMINO DE MATERIA | |
| Término de materia o nombre geográfico como elemento de entrada | Propiedad inmobiliaria- |
| Subdivisión general | Legislación- |
| Subdivisión geográfica | España- |
| Subdivisión cronológica | S. \RXIX\R. |
| 9 (RLIN) | 234139 |
| 752 ## - ENTRADA AGREGADA--NOMBRE JERÁRQUICO DEL LUGAR | |
| País o entidad superior | España - |
| Ciudad | Madrid |
| 852 ## - LOCALIZACIÓN | |
| Ubicación | ES-MaACL |
| Número de control de estantería | B-5451 |
| Nota libre | -- Enc. pasta |
| Estatus retirado | Estado de pérdida | Estado de daño | No para préstamo | Colección | Biblioteca de origen | Biblioteca actual | Ubicación en estantería | Fecha de adquisición | Fuente de adquisición | Total de préstamos | Signatura topográfica completa | Código de barras | Visto por última vez | Precio de reemplazo | Tipo de ítem Koha |
|---|---|---|---|---|---|---|---|---|---|---|---|---|---|---|---|
| Libros del s. XIX | Biblioteca del Ateneo de Madrid | Biblioteca del Ateneo de Madrid | Sala Pardo Bazán | 17/01/2008 | B-5451 | 1168578 | 23/02/2023 | 23/02/2023 | Libro impreso antiguo |
